| 000 | 00650nam a2200289Ia 4500 | ||
|---|---|---|---|
| 005 | 20260324151044.0 | ||
| 008 | 008 260324s9999 xx 000 0 eng d | ||
| 020 | _a9780429452383 | ||
| 037 | _aEBOOK | ||
| 040 | _aCRL | ||
| 040 | _beng | ||
| 040 | _cCRL | ||
| 041 | _2eng | ||
| 041 | _aeng | ||
| 084 | _qCRL | ||
| 100 |
_aAnna C. Hartshorne _91228567 |
||
| 245 | 0 | _aJapan and Her People | |
| 245 | 0 | _bVol. I | |
| 260 | _bTaylor and Francis | ||
| 260 | _c1902 | ||
| 365 | _a | ||
| 365 | _b180 | ||
| 856 | _uhttp://www.taylorfrancis.com/books/9780429452383 | ||
| 942 | _cEBOOK | ||
| 999 |
_c1839043 _d1839043 |
||